Antigüedades y nación : (Record no. 96442)
[ view plain ]
| 000 -LEADER | |
|---|---|
| campo de control de longitud fija | 00541nmm a2200157Ia 4500 |
| 008 - DATOS DE LONGITUD FIJA--INFORMACIÓN GENERAL | |
| campo de control de longitud fija | 251105s9999||||xx |||||||||||||||||und|| |
| 020 ## - NÚMERO INTERNACIONAL ESTÁNDAR DEL LIBRO | |
| Número Internacional Estándar del Libro | 9789587846027 |
| 041 ## - CÓDIGO DE IDIOMA | |
| Código de lengua del texto/banda sonora o título independiente | spa |
| 100 ## - ENTRADA PRINCIPAL--NOMBRE DE PERSONA | |
| Nombre de persona | Bedoya Hidalgo, María Elena |
| 245 #0 - MENCIÓN DEL TÍTULO | |
| Título | Antigüedades y nación : |
| Resto del título | Coleccionismo de objetos precolombinos y musealización en los Andes, 1892-1915 |
| 264 ## - PRODUCCIÓN, PUBLICACIÓN, DISTRIBUCIÓN, FABRICACIÓN Y COPYRIGHT | |
| Producción, publicación, distribución, fabricación y copyright | [Bogotá, Colombia] : |
| Nombre del de productor, editor, distribuidor, fabricante | Universidad del Rosario, |
| Fecha de producción, publicación, distribución, fabricación o copyright | 2021 |
| 300 ## - DESCRIPCIÓN FÍSICA | |
| Extensión | 290 páginas |
| 650 ## - PUNTO DE ACCESO ADICIONAL DE MATERIA--TÉRMINO DE MATERIA | |
| Término de materia o nombre geográfico como elemento de entrada | Arts in general |
| 856 ## - LOCALIZACIÓN Y ACCESO ELECTRÓNICOS | |
| Identificador Uniforme de Recursos | <a href="https://public.digitaliapublishing.com/a/80504">https://public.digitaliapublishing.com/a/80504</a> |
| 942 ## - ELEMENTOS DE ENTRADA SECUNDARIOS (KOHA) | |
| Tipo de ítem Koha | Libro Digital |
No items available.